000
00333nam a2200145Ia 4500
005
20251222141805.0
008
251222s9999||||xx |||||||||||||| ||spa||
020
_a
9786074814552
082
_a
658/H37
100
_a
Hellriegel, Don
245
0
_a
Administración:
250
_a
12ava.ed.
264
_b
CENGAGE Learning
942
_c
LIB
999
_c
6293
_d
6293